Statistics for Taylor Swift The Archer Lyrics

Click here to take the quiz!

General Stats

  • This quiz has been taken 1,184 times
  • The average score is 261 of 295

Answer Stats

Answer% Correct
I
100%
a
99%
the
99%
The
99%
archer
97%
me
97%
You
97%
you
97%
been
96%
But
96%
but
96%
could
96%
I've
96%
who
96%
Who
96%
darling
95%
ever
95%
leave
95%
stay
95%
they
94%
They
94%
to
94%
All
92%
all
92%
for
92%
I'm
92%
prey
92%
right
92%
see
91%
do
90%
of
90%
on
90%
hold
89%
my
89%
ready
89%
through
89%
combat
88%
Combat
88%
And
87%
and
87%
Cause
87%
don't
86%
if
86%
in
86%
king's
86%
men
86%
what
86%
out
85%
say
85%
that
85%
want
85%
Couldn't
84%
friends
84%
Help
84%
horses
84%
go
83%
started
83%
again
82%
enemies
82%
put
82%
together
82%
alone
80%
come
80%
movies
80%
so
79%
Can
78%
Easy
78%
easy
78%
cruelty
77%
said
77%
off
76%
die
75%
up
75%
got
74%
heroes
74%
jump
74%
wins
74%
hundred
73%
it's
73%
never
73%
your
72%
almost
71%
getting
71%
is
71%
years
71%
hate
70%
just
70%
like
70%
old
70%
reflection
70%
face
69%
night
69%
speeches
69%
from
68%
here
68%
cut
67%
dark
67%
Dark
67%
ghost
67%
invisible
67%
nose
67%
ride
67%
train
67%
wake
67%
fire
66%
grew
66%
room
65%
Screaming
65%
side
65%
spite
65%
thrown
65%
search
64%
pace
63%
smoke
63%
alright
61%
Then
58%

Score Distribution

Percentile by Number Answered

Percent of People with Each Score

Your Score History

You have not taken this quiz